Giáo dục đạo đức cho học sinh trung học phổ thông trên địa bàn thành phố Cao Lãnh, tỉnh Đồng Tháp hiện nay Luận văn thạc Khoa học chính trị. Chuyên ngành: Chính trị học. Mã số: 60 31 02 01

Sparad:
Bibliografiska uppgifter
Huvudupphovsman: Lê, Thị Trúc Mai
Övriga upphovsmän: Nguyễn Hữu Công (Hướng dẫn)
Materialtyp: Lärdomsprov Materialpaket Bok
Publicerad: Đồng Tháp Đại học Vinh 2015
Ämnen:
Taggar: Lägg till en tagg
Inga taggar, Lägg till första taggen!
Thư viện lưu trữ: Trung tâm Học liệu Lê Vũ Hùng, Trường Đại học Đồng Tháp
LEADER 01231ppm a22003138a 4500
001 00036417
005 20171026081025.0
008 170302s2015 ||||||Viesd
041 0 # |a Vie 
082 1 4 |a 170  |b GI108D 
100 1 # |a Lê, Thị Trúc Mai 
245 0 0 |b Luận văn thạc Khoa học chính trị. Chuyên ngành: Chính trị học. Mã số: 60 31 02 01  |c Lê Thị Trúc Mai ; Nguyễn Hữu Công (hướng dẫn)  |a Giáo dục đạo đức cho học sinh trung học phổ thông trên địa bàn thành phố Cao Lãnh, tỉnh Đồng Tháp hiện nay 
260 # # |a Đồng Tháp  |b Đại học Vinh  |c 2015 
300 # # |a 100tr.  |c 30cm. 
500 # # |a ĐTTTS ghi: Bộ giáo dục và đào tạo. Đại học Vinh 
653 # # |a Giáo dục 
653 # # |a Học sinh 
653 # # |a Đồng Tháp 
653 # # |a Đạo đức 
653 # # |a THPT 
653 # # |a Luận văn 
700 1 # |a Nguyễn Hữu Công  |e Hướng dẫn 
852 # # |j LV.0001144 
852 # # |b Kho đọc SĐH  |j LV.0001144 
910 |d 02/03/2017 
980 # # |a Trung tâm Học liệu Lê Vũ Hùng, Trường Đại học Đồng Tháp